| 000 | 00720nam a2200253Ia 4500 | ||
|---|---|---|---|
| 003 | OSt | ||
| 005 | 20220925215809.0 | ||
| 006 | a|||||r|||| 00| 0 | ||
| 007 | ta | ||
| 008 | 220923b |||||||| |||| 00| 0 eng d | ||
| 020 | _a0719553121 | ||
| 037 | _cGeneral Book | ||
| 040 |
_aRTL _cRTL _beng |
||
| 041 |
_2eng _aeng |
||
| 082 | _aRxL30:g, N3 | ||
| 100 |
_aBerlin Isaiah _920140 |
||
| 245 | 0 |
_aMagus of the North _b J G Hamann and the origins of |
|
| 260 |
_aLondon _bJohn Murray U. K. _c1993 |
||
| 300 |
_axvi, 144p _ccm. |
||
| 500 | _aBibliography: P133-35; Appendix: P 129-32 | ||
| 650 | _aPhilosophy | ||
| 942 |
_hRxL30:g, N3 _cGB _2CC |
||
| 999 |
_c569781 _d569781 |
||